| 000 | 00695cam a22002291 4500 | ||
|---|---|---|---|
| 001 | sa 65002357 | ||
| 003 | DLC | ||
| 005 | 20260227112116.0 | ||
| 008 | 811021s1963 ii ab b 000 0 eng | ||
| 010 | _asa 65002357 | ||
| 025 | _aPL480:I-E-3044 | ||
| 035 | _a(OCoLC)7863662 | ||
| 040 |
_aDLC _cMnSU _dDLC |
||
| 050 | 0 | 0 |
_aGB55 _b.P25 |
| 100 | 1 |
_aParkash, Ram _c(Writer on forestry) |
|
| 245 | 1 | 0 | _aElementary physiography for forest rangers. |
| 260 |
_aDelhi, _bManager of Publications, _c1963. |
||
| 300 |
_aii, 104 p. _billus., maps (on fold. l) _c25 cm. |
||
| 500 | _aErrata slip inserted. | ||
| 504 | _aBibliographies included in "Preface." | ||
| 650 | 0 |
_aPhysical geography _vTextbooks. |
|
| 999 |
_c62599 _d62599 |
||